Ben Stiller Movies by Image Quiz Stats

 Plays Quiz not verified by Sporcle

Challenge
Share
Tweet
Score 0/16 Timer 04:00
0 Plays Today
# Movie % Correct
Row 1Zoolander
97.6%
Row 1Dodgeball: A True Underdog Story
85.8%
Row 2Madagascar
84.6%
Row 2Tropic Thunder
82%
Row 4Night at the Museum
75.4%
Row 2There's Something About Mary
73.5%
Row 1Starsky & Hutch
71.4%
Row 1Meet the Parents
61%
# Movie % Correct
Row 3Anchorman: The Legend of Ron Burgundy
56.5%
Row 3Happy Gilmore
54.6%
Row 2Along Came Polly
53.3%
Row 4The Royal Tenenbaums
43%
Row 3The Watch
37.5%
Row 3Heavyweights
24.5%
Row 4Mystery Men
22.6%
Row 4The Cable Guy
19%

You're not logged in!

Compare scores with friends on all Sporcle quizzes.
OR
Log In

You Might Also Like...

Show Comments

Extras

Top Quizzes Today


Score Distribution

Your Account Isn't Verified!

In order to create a playlist on Sporcle, you need to verify the email address you used during registration. Go to your Sporcle Settings to finish the process.

Report this User

Report this user for behavior that violates our Community Guidelines.

Details: